ბათუმის შოთა რუსთაველის სახელმწიფო უნივერსიტეტის ბიბლიოთეკა

Горизонты науки и техники. Сборник статей : (ბიბ.ჩანაწერი № 38798)

000 -LEADER
fixed length control field 00656nam a2200181Ia 4500
001 - CONTROL NUMBER
control field 5160
003 - CONTROL NUMBER IDENTIFIER
control field GE_BSU
008 - FIXED-LENGTH DATA ELEMENTS--GENERAL INFORMATION
fixed length control field 181216s||||||||xx |||||||||||||| ||und||
040 ## - CATALOGING SOURCE
Transcribing agency GE_BSU
245 ## - TITLE STATEMENT
Title Горизонты науки и техники. Сборник статей :
245 ## - TITLE STATEMENT
Statement of responsibility, etc. Мост. И.В. Бестужев- Лада, Р.А.Фесенко; Пер с английского Г.С. Поспелова и В.И. Максименко
260 ## - PUBLICATION, DISTRIBUTION, ETC.
Place of publication, distribution, etc. Москва
260 ## - PUBLICATION, DISTRIBUTION, ETC.
Name of publisher, distributor, etc. Мир
260 ## - PUBLICATION, DISTRIBUTION, ETC.
Date of publication, distribution, etc. 1969
300 ## - PHYSICAL DESCRIPTION
Extent 353 с. 20 см.
653 ## - INDEX TERM--UNCONTROLLED
Uncontrolled term оризонты науки и техники.Сборник статей
942 ## - ADDED ENTRY ELEMENTS (KOHA)
Koha item type წიგნი
ეგზემპლარები
Withdrawn status Lost status Damaged status Not for loan Date acquired Barcode Date last seen Price effective from Koha item type Public note
        2018-12-17 16080 2018-12-17 2018-12-17 წიგნი დარბაზი